Tourism principles and practice

Sparad:
Bibliografiska uppgifter
Materialtyp: Bok
Språk:Undetermined
Publicerad: New Jersey Prentice Hall 2005
Ämnen:
Taggar: Lägg till en tagg
Inga taggar, Lägg till första taggen!
Thư viện lưu trữ: Trung tâm Học liệu Trường Đại học Cần Thơ
LEADER 00468nam a2200181Ia 4500
001 CTU_88093
008 210402s9999 xx 000 0 und d
020 |c 58.99 
082 |a 338.4 
082 |b T727 
245 0 |a Tourism principles and practice 
245 0 |c Chris Cooper ... [et al.] 
260 |a New Jersey 
260 |b Prentice Hall 
260 |c 2005 
650 |a Tourist trade 
904 |i Truc 
980 |a Trung tâm Học liệu Trường Đại học Cần Thơ